عرض عادي
عرض مارك
- المساري، محمد عبد حمادي،
دخول Personal Name
001 - CONTROL NUMBER
- control field: 29860
003 - CONTROL NUMBER IDENTIFIER
- control field: AE-AdECS
005 - DATE AND TIME OF LATEST TRANSACTION
- control field: 20260511073613.0
008 - FIXED-LENGTH DATA ELEMENTS
- fixed length control field: 260511|| aca||aabn | a|a d
040 ## - CATALOGING SOURCE
- Original cataloging agency: AE-AdECS
- Transcribing agency: AE-AdECS
100 ## - HEADING--PERSONAL NAME
- Personal name: المساري، محمد عبد حمادي،
670 ## - SOURCE DATA FOUND
- Source citation: Work cat.: (AE-AdECS)295087: المساري، محمد عبد حمادي، مؤلف., النظام الانتخابي و بناء العملية الديمقراطية /
